000 005540000a22001810004500
003 MACL
005 20160331142128.0
008 160331b xxu||||| |||| 00| 0 eng d
040 _aMACL
_cMACL
041 _aHindi
082 _a333
100 _aताज रावत
_949306
245 _aविश्‍व पर्यावरण संरक्षण एवं प्रबंधन
260 _bअनुराग प्रकाशन
_c2003
_aदिल्‍ली
350 _a400
650 _aEnvironment
_949307
942 _cHIN
_k333
_2ddc
999 _c18089
_d18089